| 000 | 00880nam a2200253 4500 | ||
|---|---|---|---|
| 001 | 20360 | ||
| 003 | BD-RjUL | ||
| 005 | 20211209000544.0 | ||
| 008 | 140227s1969 enk 000 0 eng | ||
| 020 | _a0436187876 | ||
| 035 | _a(BD-RjUL)20422 | ||
| 040 |
_aDLC _cDLC _dBD-RjUL _beng |
||
| 041 | 1 | _aeng | |
| 082 | 0 | 0 |
_a320.943 _bGRS 1969 |
| 100 | 1 |
_aGrass, Günter _d1927- _962773 |
|
| 245 | 1 | 0 |
_aSpeak out! : _cGünter Grass, translated [from the German] by Ralph Manheim; introduction by Michael Harrington. _bSpeeches, open letters, commentaries / |
| 260 |
_aLondon : _bSecker & Warburg, _cc1969. |
||
| 300 |
_axii, 142 p. ; _c21 cm. |
||
| 500 | _aMainly selected from the author's Über das Selbstverständliche published in 1968. | ||
| 651 | 0 |
_aGermany (West) _xPolitics and government. _96529 |
|
| 942 |
_2ddc _cBK |
||
| 999 |
_c20360 _d20360 |
||